States with the Worst Drivers - Statistics

General Stats
  • This quiz has been taken 113 times
  • The average score is 17 of 20
Answer Stats
Rank Misery Index % Answer % Correct
16. 7.7% Texas
96%
15. 8.0% Florida
94%
11. 8.9% Alabama
86%
8. 9.1% Kentucky
86%
1. 11.6% Mississippi
85%
6. 9.7% Montana
85%
19. 7.4% North Dakota
84%
20. 7.3% South Dakota
84%
5. 9.7% Georgia
82%
18. 7.4% Kansas
81%
14. 8.2% New Mexico
81%
9. 9.1% Wyoming
81%
7. 9.2% Michigan
80%
17. 7.5% South Carolina
80%
13. 8.5% Tennessee
80%
10. 9.0% Arkansas
79%
12. 8.9% Missouri
79%
2. 10.7% Oklahoma
79%
3. 10.5% Louisiana
78%
4. 10.2% West Virginia
75%
No matching quizzes found
Score Distribution
Percent of People with Each Score
Percentile by Number Answered
Your Score History
You have not taken this quiz